Statistics for Every African Country Shape

Click here to take the quiz!

General Stats

  • This quiz has been taken 49,975 times
  • The average score is 34 of 54

Answer Stats

Answer% Correct
Egypt
99%
Morocco
96%
Somalia
92%
South Africa
91%
Algeria
89%
Libya
88%
Namibia
85%
Madagascar
83%
Mali
83%
Benin
80%
D.R. Congo
80%
Gambia
80%
Mozambique
80%
Senegal
77%
Cape Verde
76%
Angola
74%
Cameroon
74%
Chad
74%
Togo
73%
Zambia
72%
Malawi
71%
São Tomé and Príncipe
71%
Equatorial Guinea
68%
Eritrea
68%
Ethiopia
68%
Mauritius
68%
Seychelles
66%
Sudan
66%
Comoros
65%
Ghana
62%
Tunisia
62%
Niger
59%
Mauritania
58%
Nigeria
58%
Central African Republic
56%
Zimbabwe
52%
Botswana
51%
Guinea
50%
Burkina Faso
49%
Guinea-Bissau
49%
Liberia
49%
Tanzania
49%
Gabon
46%
Ivory Coast
46%
Kenya
45%
South Sudan
45%
Rep. of the Congo
44%
Uganda
42%
Sierra Leone
40%
Lesotho
39%
Eswatini
37%
Djibouti
36%
Burundi
35%
Rwanda
30%

Score Distribution

Percentile by Number Answered

Percent of People with Each Score

Your Score History

You have not taken this quiz